All iPhone 1 apps - Statistics

General Stats
  • This quiz has been taken 18 times
  • The average score is 11 of 15
Answer Stats
Answer % Correct
Clock
93%
Camera
86%
Notes
86%
Photos
86%
Calendar
79%
iPod
79%
Messages
79%
Phone
79%
Weather
79%
Web
79%
Calculator
71%
Mail
57%
Settings
57%
Stock
57%
Voice memos
21%
No matching quizzes found
Score Distribution
Percent of People with Each Score
Percentile by Number Answered
Your Score History
You have not taken this quiz